00492nam a2200157Ia 4500003000900000008004100009040001600050080002000066245005100086260003500137300001400172490006600186650004100252650001900293700002200312IN-BaIIA211028s9999 xx 000 0 eng d cIIA Library a530.145bQUA-II 0aQuantum theorybvol. IIcedited by D. R. Bates aNew YorkbAcademic Pressc1962 axi, 475p. aPure and applied physics, a series of monographs and textbook aAstronomy and astrophysics thesaurus aQuantum theory aBates, D. R., ed.